Discourse : (Record no. 27605)

MARC details
000 -LEADER
fixed length control field 01794cam a22003375i 4500
001 - CONTROL NUMBER
control field 19521963
003 - CONTROL NUMBER IDENTIFIER
control field EG-ScBUE
005 - DATE AND TIME OF LATEST TRANSACTION
control field 20190909140922.0
008 - FIXED-LENGTH DATA ELEMENTS--GENERAL INFORMATION
fixed length control field 170224s2017 enka f b 001 0 eng d
020 ## - INTERNATIONAL STANDARD BOOK NUMBER
International Standard Book Number 9780415856553 (pbk)
040 ## - CATALOGING SOURCE
Original cataloging agency DLC
Language of cataloging eng
Description conventions rda
Transcribing agency DLC
Modifying agency DLC
-- EG-ScBUE
082 04 - DEWEY DECIMAL CLASSIFICATION NUMBER
Classification number 401.41
Item number GOD
Edition number 22
100 1# - MAIN ENTRY--PERSONAL NAME
Personal name Goddard, Angela,
Dates associated with a name 1954-
Relator term author.
245 10 - TITLE STATEMENT
Title Discourse :
Remainder of title the basics /
Statement of responsibility, etc Angela Goddard and Neil Carey.
264 #1 - PUBLICATION, DISTRIBUTION, ETC. (IMPRINT)
Place of publication, distribution, etc Abingdon ;
-- New York :
Name of publisher, distributor, etc Routledge, /Taylor & Francis Group,
Date of publication, distribution, etc 2017.
264 #4 - PUBLICATION, DISTRIBUTION, ETC. (IMPRINT)
Date of publication, distribution, etc c2017
300 ## - PHYSICAL DESCRIPTION
Extent xiii, 214 pages :
Other physical details illustrations ;
Dimensions 21 cm.
336 ## - CONTENT TYPE
Content type term text
Content type code txt
Source rdacontent
337 ## - MEDIA TYPE
Media type term unmediated
Media type code n
Source rdamedia
338 ## - CARRIER TYPE
Carrier type term volume
Carrier type code nc
Source rdacarrier
490 0# - SERIES STATEMENT
Series statement Basics
490 0# - SERIES STATEMENT
Series statement English language and linguistics
504 ## - BIBLIOGRAPHY, ETC. NOTE
Bibliography, etc Includes bibliographical references (pages [186]-194) and index.
520 ## - SUMMARY, ETC.
Summary, etc Humans are social animals and through conversation, written communication, symbols and other expressions are constantly interacting with each other. 'Discourse' is an accessible and engaging introduction to the analysis of those interactions and the many forms, expressions and meanings they can take. The book draws on a range of international case studies and examples from literature, political speech, advertising and newspaper articles to address key questions such as: What is discourse? Why are there different approaches to understanding discourse? What issues affect the collection and management of discourse? How can discourse be represented?
650 #7 - SUBJECT ADDED ENTRY--TOPICAL TERM
Topical term or geographic name as entry element Discourse analysis
General subdivision Study and teaching.
Source of heading or term EG-ScBUE
650 #7 - SUBJECT ADDED ENTRY--TOPICAL TERM
Topical term or geographic name as entry element Discourse analysis
Form subdivision Textbooks.
Source of heading or term EG-ScBUE
653 ## - INDEX TERM--UNCONTROLLED
Resource For college Humanities: English
Arrived date list September2019
655 ## - INDEX TERM--GENRE/FORM
Form subdivision Reading book
700 1# - ADDED ENTRY--PERSONAL NAME
Personal name Carey, Neil
Titles and other words associated with a name (Psychologist),
Relator term author.
942 ## - ADDED ENTRY ELEMENTS (KOHA)
Source of classification or shelving scheme Dewey Decimal Classification
Koha item type Book - Borrowing
Holdings
Withdrawn status Lost status Source of classification or shelving scheme Damaged status Not for loan Collection code Home library Current library Shelving location Date acquired Source of acquisition Cost, normal purchase price Total Checkouts Full call number Barcode Date last seen Cost, replacement price Price effective from Koha item type
    Dewey Decimal Classification     Baccah Central Library Central Library Second Floor 09/09/2019 Purchase 480.00   401.41 GOD 000048041 15/07/2025 600.00 09/09/2019 Book - Borrowing